| 000 | 00640nam a2200217Ia 4500 | ||
|---|---|---|---|
| 003 | GCL | ||
| 008 | 140319s9999 xx 000 0 ara d | ||
| 040 |
_aGCL / _cGCL |
||
| 082 | 0 | 4 |
_a229.2 _bع ق |
| 100 | 1 | _aعبدالحليم محمود | |
| 245 | 1 | 0 |
_aالقرأن فى شهر القرأن / _cعبدالحليم محمود |
| 260 |
_a[S.N] : _bدار المعارف ، _c1993 |
||
| 300 | _a176 ص | ||
| 490 | _a | ||
| 650 | 0 | 4 | _aالاسلام |
| 650 | 0 | 4 | _aالقران والمجتمع |
| 650 | 0 | 4 | _aالقران - فضائل |
| 650 | 0 | 4 | _aالقران - احكام |
| 650 | 0 | 4 | _aالقران - ادعية |
| 942 |
_2ddc _cBK |
||
| 999 |
_c59009 _d59009 |
||